青蛙睡在鞋子里 [簡體書] (Record no. 70046)

000 -LEADER
fixed length control field 00452nam a22001457a 4500
008 - FIXED-LENGTH DATA ELEMENTS--GENERAL INFORMATION
fixed length control field 260106b |||||||| |||| 00| 0 eng d
020 ## - INTERNATIONAL STANDARD BOOK NUMBER
International Standard Book Number 9789834090401
082 ## - DEWEY DECIMAL CLASSIFICATION NUMBER
Call number 868.757 LTD
Item number 1
245 ## - TITLE STATEMENT
Title 青蛙睡在鞋子里 [簡體書]
Remainder of title : 一名教师的春风化雨 = Destination of a teacher
Statement of responsibility, etc. 李天岱
260 ## - PUBLICATION, DISTRIBUTION, ETC.
Place of publication, distribution, etc. 吉隆坡 : 南大教育
Name of publisher, distributor, etc. 李天岱
Date of publication, distribution, etc. 2009
300 ## - PHYSICAL DESCRIPION
Extent 221面
Dimensions 21公分
365 ## - TRADE PRICE
Price gift
600 ## - SUBJECT ADDED ENTRY--PERSONAL NAME
Personal name 李天岱
942 ## - ADDED ENTRY ELEMENTS (KOHA)
Source of classification or shelving scheme
Koha item type Book
Holdings
Withdrawn status Lost status Source of classification or shelving scheme Damaged status Not for loan Home library Current library Date acquired Total Checkouts Full call number Barcode Date last seen Price effective from Koha item type
          Malaysian Public Library, Research and Development Centre Malaysian Public Library, Research and Development Centre 06/01/2026   868.757 LTD E0005194 06/01/2026 06/01/2026 Book

© 2022. Malaysian Public Library, Research and Development Centre. All Right ReservedE-mailmplrdc@help.edu.my 

Powered by Koha